000 02730nam a2200217Ia 4500
003 OSt
005 20251117115520.0
008 210210b2004 xxu||||| |||| 00| 0 eng d
040 _cAL
041 _aKannada
082 _aK894.3 MISG
100 _aMISHEL (Margaret)
_dಮಾರ್ಗರೇಟ್ ಮಿಚೆಲ್
_9245892
245 _aGone with the wind
_bಗಾನ್ ವಿಥ್ ದಿ ವಿಂಡ್
260 _aBengaluru
_bAnkita Pustaka
_c2004
300 _a600
520 _aಸಾರಾಂಶ 'ನಾಳೆ, ಅವನನ್ನು ಮರಳಿ ಪಡೆಯಲು ಏನಾದರೂ ಮಾರ್ಗವನ್ನು ಯೋಚಿಸುತ್ತೇನೆ. ಎಲ್ಲಾ ನಂತರ, ನಾಳೆ ಮತ್ತೊಂದು ದಿನ.' ಅಮೇರಿಕನ್ ಅಂತರ್ಯುದ್ಧದ ನಾಟಕೀಯ ಹಿನ್ನೆಲೆಯ ವಿರುದ್ಧ ಹೊಂದಿಸಲಾದ ಮಾರ್ಗರೇಟ್ ಮಿಚೆಲ್ ಅವರ ಭವ್ಯವಾದ ಐತಿಹಾಸಿಕ ಮಹಾಕಾವ್ಯವು ಪ್ರೀತಿ ಮತ್ತು ನಷ್ಟದ ಮರೆಯಲಾಗದ ಕಥೆಯಾಗಿದೆ, ಒಂದು ರಾಷ್ಟ್ರವು ಮಾರಕವಾಗಿ ವಿಭಜನೆಯಾಯಿತು ಮತ್ತು ಶಾಶ್ವತವಾಗಿ ಬದಲಾದ ಜನರು. ಎಲ್ಲಕ್ಕಿಂತ ಹೆಚ್ಚಾಗಿ, ಇದು ಸುಂದರ, ನಿರ್ದಯ ಸ್ಕಾರ್ಲೆಟ್ ಒ'ಹರಾ ಮತ್ತು ಅದೃಷ್ಟದ ಧೈರ್ಯಶಾಲಿ ಸೈನಿಕ ರೆಟ್ ಬಟ್ಲರ್ ಅವರ ಕಥೆಯಾಗಿದೆ. ವ್ಯಾಪಕವಾಗಿ ಗ್ರೇಟ್ ಅಮೇರಿಕನ್ ಕಾದಂಬರಿ ಎಂದು ಪರಿಗಣಿಸಲ್ಪಟ್ಟಿದೆ ಮತ್ತು ಕ್ಲಾರ್ಕ್ ಗೇಬಲ್ ಮತ್ತು ವಿವಿಯನ್ ಲೀ ನಟಿಸಿದ ಮಹಾಕಾವ್ಯ ಚಲನಚಿತ್ರ ಆವೃತ್ತಿಗಾಗಿ ಹೆಚ್ಚಾಗಿ ನೆನಪಿಸಿಕೊಳ್ಳಲ್ಪಡುತ್ತದೆ, ಗಾನ್ ವಿಥ್ ದಿ ವಿಂಡ್ ಒಂದು ಅದ್ಭುತ ಕಥೆ ಹೇಳುವ ಕೃತಿಯಾಗಿದೆ. ಇದು ಅಂತರ್ಯುದ್ಧ ಮತ್ತು ಪುನರ್ನಿರ್ಮಾಣದ ನಾಟಕವನ್ನು ಸ್ಪಷ್ಟವಾಗಿ ಚಿತ್ರಿಸುತ್ತದೆ ಮತ್ತು ಅವ್ಯವಸ್ಥೆಯ ಉತ್ಸಾಹ ಮತ್ತು ಧೈರ್ಯದ ವ್ಯಾಪಕ ಕಥೆಯಾಗಿದೆ.
690 _aKannada Fiction
_9245902
700 _aShymala adhav
_dಶ್ಯಾಮಲಾ ಮಾಧವ tr
_9245903
906 _a063157
942 _2ddc
_cBK
999 _c134887
_d134887